000
00392nam a2200145Ia 4500
008
090123s9999 xx 000 0 und d
082
_b
3749
245
_a
डंबलीय बयलु
250
_a
1
260
_b
जनमित्र प्रेस
_c
1974
300
_a
129
630
_a
डंबलीय बयलु
730
_a
डंबलीय बयलु
942
_c
BOOK
999
_c
41828
_d
41828